000 00288nam a22001217a 4500
008 170523b xxu||||| |||| 00| 0 eng d
041 _aeng
080 _a94(7/8)
100 _a16
101 _aSHH
245 _aTHE LIFE HISTORY OF THE UNITED STATES
_cMAY.E.H
942 _2udc
_cBK
999 _c13950
_d13950